| 000 | 00473nam a22001937a 4500 | ||
|---|---|---|---|
| 003 | MPLRDC | ||
| 005 | 20220104143121.0 | ||
| 008 | 210129b ||||| |||| 00| 0 eng d | ||
| 020 | _a957-8906-05-6 | ||
| 082 | _a857.62 FWJQ v.4 | ||
| 100 | _a和久峻三 | ||
| 245 |
_a迷走法庭 _c魏惠妙译 |
||
| 250 | _a初版 | ||
| 260 |
_a _b月房子出版社 _c1994 |
||
| 300 | _b平 | ||
| 490 | _a法纲惊奇. 4 | ||
| 650 | _a推理小说 | ||
| 942 |
_cBK _o857.62 FWJQ v.4 |
||
| 999 |
_c36786 _d36776 |
||